Az Európai Unió és a Mercosur gazdasági és politikai kapcsolatrendszere

Bibliográfiai részletek
Szerző: Lendvai Ákos
További közreműködők: Majoros Dr. Pál
Dokumentumtípus: Diplomadolgozat
Kulcsszavak:Mercosur
Európai Unió
Latin-Amerika
Politika
Online Access:http://dolgozattar.uni-bge.hu/9978

MARC

LEADER 00000nta a2200000 i 4500
001 dolg9978
005 20171002104442.0
008 170422suuuu hu om 000 hun d
040 |a BGE Dolgozattár Repozitórium  |b hun 
041 |a hu 
100 1 |a Lendvai Ákos 
245 1 3 |a Az Európai Unió és a Mercosur gazdasági és politikai kapcsolatrendszere  |c Lendvai Ákos  |h [elektronikus dokumentum] 
695 |a Mercosur 
695 |a Európai Unió  
695 |a Latin-Amerika 
695 |a Politika 
700 1 |a Majoros Dr. Pál  |e ths 
856 4 0 |u http://dolgozattar.uni-bge.hu/9978/1/Lendvai_%C3%81kos_szakdolgozat.pdf  |z Dokumentum-elérés